Asian Cities on a Map (A-Z) Quiz Stats

 Plays Quiz Updated Oct 30, 2014

Also try: On A Map: Asia
Challenge
Share
Tweet
Score 0/26 Timer 06:00
4 Plays Today
% Correct
Ankara
94.7%
Jakarta
86.9%
Hanoi
86%
Osaka
82.1%
Dubai
79.8%
Singapore
77.9%
Taipei
77.2%
Riyadh
73.2%
Ulaanbaatar
72.6%
Kathmandu
72%
Mecca
70.6%
Bishkek
62.2%
Phnom Penh
61.5%
% Correct
Gaza
54.4%
Yerevan
54.2%
Vladivostok
52.9%
Incheon
50.2%
Xi'an
47.6%
Chennai
46.1%
Quezon City
37.7%
Wuhan
33.1%
Novosibirsk
28%
Faisalabad
23.8%
Esfahan
20%
Lucknow
18.6%
Zhengzhou
10.1%

You're not logged in!

Compare scores with friends on all Sporcle quizzes.
OR
Log In

You Might Also Like...

Show Comments

Extras

Top Quizzes Today


Score Distribution

Your Account Isn't Verified!

In order to create a playlist on Sporcle, you need to verify the email address you used during registration. Go to your Sporcle Settings to finish the process.

Report this User

Report this user for behavior that violates our Community Guidelines.

Details: